000 01277nam0a2200313 4500
001 RU\NLR\bibl\1095785
005 20260412031145.0
010 _a5-93913-097-6
035 _a(NLR Aleph) 001082900
090 _a1069775
_c1069775
100 _a20070607d2006 |||y0rusy50 ca
101 1 _arus
_cger
102 _aRU
105 _aa |||||||||
200 1 _aКлюч к сталям
_eсправочник
_fред.: К. Вегст, М. Вегст
_gпер. с 20-го нем. изд. [Прокофьев Д.]
_gпод ред. д.т.н., проф. Э.Ю. Колпишона
210 _aСанкт-Петербург
_cПрофессия
_d2006
215 _a719 с.
_d31
300 _aПер. изд.: Stahlschlüssel / C. Wegst, V. Wegst, Marbach, 2004
454 0 _12001#$aStahlschlüssel
_1700#1$aWegst$bC.$4070
_1701#1$aWegst$bV.$4070
_1210##$aMarbach$d2004
_tStahlschlüssel
_aWegst, C.
606 _aСталь
_jСправочники
_xМарки
_91708871
_3RU\NLR\auth\661059095
686 _aК222я22
686 _aК222.08я22
702 1 _aВегст
_bК.
_4340
702 1 _aКолпишон
_bЭ. Ю.
_4340
801 0 _aRU
_bNLR
_c20070607
_gRCR
801 1 _aRU
_bNLR
_c20070607
942 _cBOOK
980 _aNB